000 nam a22 7a 4500
999 _c336407
_d336407
003 IT-MiCISF
005 20170124163349.0
008 170124b xxu||||| |||| 00| 0 eng d
040 _cIT-MiCISF
041 _ait
100 _aAntonelli Ennio
_956150
245 _aPer vivere l'Amoris Laetitia
260 _aMilano
_bAres
_c2016
300 _app. 69
500 _apastorale-familiare, magistero, amoris-laetitia
520 _aIl Presidente emerito del Pontificio Consiglio della Famiglia offre in queste pagine una lettura dell’esortazione apostolica di papa Francesco ricca di spunti di riflessione e di vita pratica. Un compendio denso di consigli per aiutare gli sposi a vivere nella stessa fedeltà d’amore di Dio; e per aiutare i sacerdoti e gli operatori della pastorale famigliare ad accompagnare gli sposi, anche divorziati, con uno sguardo di misericordia attento alle Verità di vita che Gesù ha esposto nel suo Vangelo.
650 _apastorale-familiare
_956039
654 _asaggio
942 _2ddc
_cBK